[Event "XIII MIEDZYNARODOWY FESTIWAL SZACHOWY PERLA BALTYKU - GRUPA A"]
[Site "LAZY - OW BRYZA"]
[Date "1899-12-30"]
[Round "8.1"]
[White "Kaczmarek, Aleksander"]
[Black "Sygulski, Pawel"]
[Result "1-0"]
[WhiteTitle "FM"]
[BlackTitle "k"]
[WhiteElo "2363"]
[BlackElo "2143"]

1. e4 e5 2. d4 exd4 3. Nf3 Nc6 4. Bc4 Nf6 5. e5 d5 6. Bb5 Ne4 7. Nxd4 Bd7 8. Bxc6
bxc6 9. O-O Bc5 10. f3 Ng5 11. f4 Ne4 12. Be3 Qe7 13. Nd2 Nxd2 14. Qxd2 O-O 15.
Rae1 Bb6 16. Nb3 Bf5 17. Qc3 Qd7 18. Bc5 Rfb8 19. Re3 Bxc5 20. Nxc5 Qe7 21. Nb3
c5 22. Nxc5 Rb5 23. b4 a5 24. a3 axb4 25. axb4 Ra2 26. Re2 h6 27. h3 h5 28. Kh2
Rb8 29. Qb3 Qxc5 30. Qxa2 Rxb4 31. Qa8+ Kh7 32. Qe8 Qb5 33. Qxb5 Rxb5 34. Kg3
Rc5 35. Kh4 g6 36. g4 hxg4 37. hxg4 Be4 38. Kg5 Kg7 39. f5 gxf5 40. gxf5 Rc3 41.
Rh2 f6+ 42. exf6+ Kf7 43. Rh7+ Kg8 44. f7+ 1-0

[Event "XIII MIEDZYNARODOWY FESTIWAL SZACHOWY PERLA BALTYKU - GRUPA A"]
[Site "LAZY - OW BRYZA"]
[Date "1899-12-30"]
[Round "8.2"]
[White "Sernecki, Franciszek"]
[Black "Swiech, Przemyslaw"]
[Result "1/2-1/2"]
[WhiteTitle "I"]
[BlackTitle "I++"]
[WhiteElo "2039"]
[BlackElo "2176"]

1. e4 c5 2. Nc3 Nc6 3. Nf3 e5 4. Bc4 Be7 5. O-O Nf6 6. d3 d6 7. Ng5 O-O 8. f4 Nd4
9. fxe5 dxe5 10. Rxf6 Bxf6 11. Qh5 Bxg5 12. Bxg5 Qd7 13. Rf1 Qg4 14. Bxf7+ Kh8
15. Qxg4 Bxg4 16. Be7 Nf3+ 17. Rxf3 Bxf3 18. Bxf8 Rxf8 19. Bd5 Bh5 20. Bxb7 1/2-1/2

[Event "XIII MIEDZYNARODOWY FESTIWAL SZACHOWY PERLA BALTYKU - GRUPA A"]
[Site "LAZY - OW BRYZA"]
[Date "1899-12-30"]
[Round "8.3"]
[White "Tustanowski, Mateusz"]
[Black "Mielczarski, Miroslaw"]
[Result "1/2-1/2"]
[WhiteTitle "I++"]
[BlackTitle "k"]
[WhiteElo "1916"]
[BlackElo "2095"]

1. e4 d5 2. exd5 Qxd5 3. Nc3 Qa5 4. d4 Nf6 5. Bc4 c6 6. Nf3 Bf5 7. O-O e6 8. Re1
Be7 9. Nh4 Bg4 10. f3 Nd5 11. Bxd5 cxd5 12. fxg4 Bxh4 13. Rf1 h6 14. Ne2 Nd7 15.
Qd3 O-O 16. a4 Rac8 17. c3 a6 18. Bd2 Qd8 19. Be1 Bxe1 20. Raxe1 Nf6 21. h3 Rc4
22. b3 Rc7 23. c4 dxc4 24. bxc4 Nd7 25. Nf4 Nb6 26. c5 Nxa4 27. Kh2 Rd7 28. d5
Nxc5 29. Qc3 Qc7 30. Kh1 exd5 31. Nh5 d4 32. Qd2 Ne6 33. Rf6 Qc3 34. Qf2 d3 35.
Rxh6 d2 36. Rd1 Qd4 37. Qf5 gxh6 38. Nf6+ Kg7 39. Nh5+ Kh8 40. Nf6 Qd3 41. Qe5
Qd4 42. Qf5 Kg7 43. Nh5+ Kg8 44. Nf6+ Kg7 45. Nh5+ Kh8 46. Nf6 Qd3 47. Qe5 1/2-1/2

[Event "XIII MIEDZYNARODOWY FESTIWAL SZACHOWY PERLA BALTYKU - GRUPA A"]
[Site "LAZY - OW BRYZA"]
[Date "1899-12-30"]
[Round "8.4"]
[White "Hilarecki, Grzegorz"]
[Black "Litner, Igor"]
[Result "1/2-1/2"]
[WhiteTitle "k"]
[BlackTitle "I+"]
[WhiteElo "2105"]
[BlackElo "1949"]

1. d4 Nf6 2. Nf3 g6 3. Bf4 Bg7 4. e3 d6 5. h3 Nbd7 6. Be2 c6 7. c3 Qc7 8. O-O O-O
9. Bh2 b6 10. a4 a5 11. Re1 Ba6 12. c4 Qb7 13. Nc3 Rae8 14. Qb3 c5 15. d5 Nh5
16. Rad1 f5 17. Ng5 Bxc3 18. Qxc3 Ng7 19. Bd3 Nf6 20. Qc2 Qc7 21. e4 fxe4 22.
Nxe4 Nxe4 23. Bxe4 Bc8 24. g4 Rd8 25. Rd2 Bd7 26. Bg3 Be8 27. Rde2 Bf7 28. Bd3
Rde8 29. h4 e6 30. h5 exd5 31. hxg6 hxg6 32. cxd5 Rxe2 33. Rxe2 Bxd5 34. Bc4 Qf7
35. Bxd5 Qxd5 36. Rd2 Qf3 37. Rxd6 Re8 38. Qd1 Qxd1+ 39. Rxd1 Re4 40. Rd6 Rxg4
41. Rxb6 Rxa4 42. Rxg6 Kf7 43. Rc6 Ne6 44. Be5 Nd4 45. Rxc5 Nf3+ 46. Kg2 Nxe5
47. Rxe5 Rb4 48. Rxa5 Rxb2 49. Ra6 Rb3 50. f3 Rb2+ 51. Kg3 Rb4 52. f4 Rb3+ 53.
Kg4 Rb5 54. f5 Rb1 55. Ra7+ 1/2-1/2

[Event "XIII MIEDZYNARODOWY FESTIWAL SZACHOWY PERLA BALTYKU - GRUPA A"]
[Site "LAZY - OW BRYZA"]
[Date "1899-12-30"]
[Round "8.5"]
[White "Kapral, Krzysztof"]
[Black "Franckowski, Janusz"]
[Result "1-0"]
[WhiteTitle "k"]
[BlackTitle "I"]
[WhiteElo "1939"]
[BlackElo "2033"]

1. Nf3 d5 2. d4 Nf6 3. e3 g6 4. Bd3 Bg7 5. b3 O-O 6. Bb2 Nbd7 7. Nbd2 c5 8. O-O
b6 9. Qe2 a6 10. c4 Bb7 11. Rac1 e6 12. Bb1 Rc8 13. Rfd1 dxc4 14. Nxc4 Qc7 15.
dxc5 bxc5 16. Nd6 Rb8 17. Nxb7 Qxb7 18. Bc3 Nd5 19. Bxg7 Kxg7 20. e4 Nb4 21. e5
Rfd8 22. Rc4 Nc6 23. Rh4 Ndxe5 24. Re1 Nxf3+ 25. Qxf3 Rd4 26. Be4 Qb4 27. Rxh7+
Kxh7 28. Qxf7+ Kh8 29. Qf6+ Kg8 30. Qxe6+ Kh8 31. Qf6+ Kg8 32. Qxg6+ Kf8 33. Qf6+
Kg8 34. Qe6+ Kf8 35. Bxc6 Rbd8 36. Bf3 R4d6 37. Qe7+ Kg8 38. g3 Qc3 39. Kg2 Qf6
40. Qxf6 Rxf6 41. Re5 Rd3 42. Bd5+ Kg7 43. Bc4 Rdf3 44. Re2 a5 45. a4 Rc3 46.
f4 Rd6 47. Kh3 Kf6 48. Kg4 Rd7 49. Re6+ Kg7 50. f5 Rd2 51. f6+ Kg6 52. Ra6 Rxh2
53. f7+ Kg7 54. Ra8 Rxc4+ 55. bxc4 Kxf7 56. Rxa5 Ke6 57. Rxc5 Kd6 58. Ra5 Kc6
59. Kg5 Ra2 60. g4 Kb6 1-0

[Event "XIII MIEDZYNARODOWY FESTIWAL SZACHOWY PERLA BALTYKU - GRUPA A"]
[Site "LAZY - OW BRYZA"]
[Date "1899-12-30"]
[Round "8.6"]
[White "Budnik, Mateusz"]
[Black "Wacior, Maciej"]
[Result "1-0"]
[WhiteTitle "I++"]
[BlackTitle "I++"]
[WhiteElo "1989"]
[BlackElo "2025"]

1. e4 c6 2. Nf3 d5 3. Nc3 Nf6 4. e5 Nfd7 5. d4 e6 6. Ne2 b6 7. Ng3 Ba6 8. Bxa6
Nxa6 9. O-O Be7 10. c3 c5 11. Ne1 b5 12. f4 g6 13. Qf3 Qb6 14. Be3 b4 15. c4 Nc7
16. cxd5 Nxd5 17. dxc5 Bxc5 18. Bxc5 Qxc5+ 19. Kh1 Qe3 20. Qxe3 Nxe3 21. Rf3 Nd5
22. Ne4 Ke7 23. g3 Rhc8 24. Nd3 Rc2 25. Rff1 Rc4 26. Nef2 a5 27. Rac1 Rac8 28.
Rxc4 Rxc4 29. Rc1 Rxc1+ 30. Nxc1 Nc5 31. Ncd3 Nxd3 32. Nxd3 Kd7 33. Kg2 Kc6 34.
Kf3 a4 35. Ke4 Kb5 36. Kd4 Ne7 37. Nf2 Nd5 38. Ne4 a3 39. bxa3 bxa3 40. Nc3+ Nxc3
41. Kxc3 Ka4 42. Kc4 h6 43. h4 h5 44. Kc3 Ka5 45. Kb3 Kb5 46. Kxa3 Ka5 47. Kb3
Kb5 48. a4+ Ka5 49. Ka3 1-0

[Event "XIII MIEDZYNARODOWY FESTIWAL SZACHOWY PERLA BALTYKU - GRUPA A"]
[Site "LAZY - OW BRYZA"]
[Date "1899-12-30"]
[Round "8.7"]
[White "Malaczek, Mateusz"]
[Black "Jedrocha, Katarzyna"]
[Result "1/2-1/2"]
[WhiteTitle "II+"]
[BlackTitle "k"]
[WhiteElo "1905"]
[BlackElo "1898"]

1. Nf3 d5 2. c4 c6 3. d4 Nf6 4. g3 g6 5. cxd5 cxd5 6. Bg2 Bg7 7. O-O O-O 8. Nc3
Nc6 9. Ne5 Bf5 10. Nxc6 bxc6 11. Na4 Nd7 12. Bf4 e5 13. dxe5 Qe7 14. Rc1 Rfc8
15. Qd2 Nxe5 16. b3 Rab8 17. Be3 Ng4 18. Bc5 Qd7 19. h3 Nf6 20. Qa5 Ra8 21. Kh2
h5 22. Bd4 Ne4 23. Bxg7 Kxg7 24. Nc5 Qe7 25. Nxe4 Bxe4 26. Qc5 Qxc5 27. Rxc5 Bxg2
28. Kxg2 Rc7 29. Rfc1 Rac8 30. b4 Kf6 31. b5 Ke6 32. bxc6 Kd6 33. Ra5 Re8 34.
e3 Ree7 35. Ra6 Re4 36. Rb1 Rxc6 37. Rxa7 Re7 38. Rxe7 Kxe7 39. Rb4 Ra6 40. a4
Ke6 41. f4 Kf5 42. Rd4 Ra5 43. Kf3 Ke6 44. g4 hxg4+ 45. Kxg4 Kf6 46. h4 Rc5 47.
Rd3 Ra5 48. Rd4 Rc5 49. Kf3 Ra5 50. Rb4 Kf5 51. Rd4 Kf6 52. Ke2 Kf5 53. Kd3 Kg4
54. Kc3 Kf3 55. Kb4 Kxe3 56. Rd1 Ra8 57. Rxd5 Kxf4 58. a5 Ke4 59. Rg5 f5 60. Rxg6
Rf8 61. Re6+ Kd5 62. Re1 Kc6 63. Kc4 f4 64. Kd4 Kb5 65. Re5+ Ka6 66. Re1 f3 67.
Ke3 f2 68. Rf1 Rh8 1/2-1/2

[Event "XIII MIEDZYNARODOWY FESTIWAL SZACHOWY PERLA BALTYKU - GRUPA A"]
[Site "LAZY - OW BRYZA"]
[Date "1899-12-30"]
[Round "8.8"]
[White "Nowak, Mikolaj"]
[Black "Wozniak, Mariola"]
[Result "1-0"]
[WhiteTitle "I++"]
[BlackTitle "WIM"]
[WhiteElo "2080"]
[BlackElo "2204"]

1. d4 f5 2. Nf3 Nf6 3. g3 g6 4. Bg2 Bg7 5. c4 O-O 6. O-O d6 7. Nc3 Nc6 8. d5 Na5
9. Qd3 e5 10. dxe6 Bxe6 11. b3 Nc6 12. Bb2 Ne4 13. Rac1 Nb4 14. Qb1 Nxc3 15. Bxc3
Bxc3 16. Rxc3 Qf6 17. Rcc1 Rae8 18. e3 Nc6 19. Qa1 Qe7 20. Nd4 Nxd4 21. Qxd4 a6
22. Rfd1 Rd8 23. Rd2 c6 24. h4 h6 25. Rcd1 g5 26. hxg5 hxg5 27. f4 Rf7 28. Kf2
c5 29. Qa1 Rh7 30. Rh1 b5 31. Rxh7 Kxh7 32. Bd5 Bxd5 33. Rxd5 Re8 34. Qh1+ Kg7
35. e4 Rh8 36. Qa1+ Kg8 37. Rxf5 Rh2+ 38. Kf3 gxf4 39. Rxf4 Qe5 40. Qxe5 dxe5
41. Rf5 Rxa2 42. cxb5 axb5 43. Rxe5 Rc2 44. Kf4 Kf7 45. g4 Kf6 46. Rf5+ Ke6 47.
g5 Rf2+ 48. Kg4 Re2 49. Kf3 Rb2 50. g6 Rxb3+ 51. Kf4 Rb1 52. g7 Rf1+ 53. Kg5 Rg1+
54. Kh6 b4 55. Rxc5 b3 56. Rb5 Rh1+ 57. Kg6 Rg1+ 58. Kh7 Rh1+ 59. Kg8 Ke7 60.
Rxb3 Rh4 61. Rb6 Rh5 62. e5 Rh4 63. Rb7+ Ke8 64. e6 Rh1 65. e7 Rg1 66. Rb8+ Kxe7
67. Rb4 Kf6 68. Rb6+ Ke7 69. Kh7 1-0

[Event "XIII MIEDZYNARODOWY FESTIWAL SZACHOWY PERLA BALTYKU - GRUPA A"]
[Site "LAZY - OW BRYZA"]
[Date "1899-12-30"]
[Round "8.9"]
[White "Czaplewska, Klara"]
[Black "Mazalon, Mariusz"]
[Result "0-1"]
[WhiteTitle "k+"]
[BlackTitle "k"]
[WhiteElo "1920"]
[BlackElo "2050"]

1. d4 Nf6 2. g3 g6 3. Bg2 Bg7 4. e4 O-O 5. Nc3 d6 6. Nge2 c5 7. h3 cxd4 8. Nxd4
Nc6 9. Be3 Bd7 10. O-O a6 11. f4 Rc8 12. Kh2 Nxd4 13. Bxd4 Bc6 14. g4 e5 15. Be3
exf4 16. Bxf4 Re8 17. Qd3 Re6 18. Rfe1 Qe7 19. Re2 Re8 20. Rae1 h5 21. g5 Nd7
22. Nd5 Bxd5 23. Qxd5 Nc5 24. b4 Na4 25. Qb3 b5 26. Bc1 Rc8 27. h4 Rc4 28. Qd3
Nc3 29. Rf2 d5 30. Ref1 dxe4 31. Qg3 Be5 32. Bf4 Bd4 33. Be3 Bxe3 34. Qxe3 Qd6+
35. Kh1 Nd1 0-1

[Event "XIII MIEDZYNARODOWY FESTIWAL SZACHOWY PERLA BALTYKU - GRUPA A"]
[Site "LAZY - OW BRYZA"]
[Date "1899-12-30"]
[Round "8.10"]
[White "Darowicki, Mariusz"]
[Black "Ciesielski, Jan"]
[Result "1-0"]
[WhiteTitle "I++"]
[BlackTitle "II+"]
[WhiteElo "1931"]
[BlackElo "1669"]

1. d4 c6 2. Nf3 d5 3. Bf4 Nf6 4. e3 Bf5 5. Be2 e6 6. O-O Bd6 7. Ne5 Qc7 8. Nd2
Nbd7 9. Ndf3 Be4 10. Nxd7 Nxd7 11. Bxd6 Qxd6 12. Rc1 O-O 13. Nd2 Bg6 14. c4 Rac8
15. Qb3 b6 16. Rc3 Rc7 17. Rfc1 Rfc8 18. Bf3 h6 19. h3 Bh7 20. Be2 Bg6 21. Qa4
c5 22. cxd5 exd5 23. Ba6 cxd4 24. Qxd4 Rxc3 25. Rxc3 Rxc3 26. Qxc3 Nc5 27. Be2
Ne4 28. Qd4 Qc6 29. Nxe4 Bxe4 30. f3 Bg6 31. Kf2 Qc2 32. a3 Qb3 33. Bd1 Bc2 34.
Be2 Bg6 35. Qd2 Bf5 36. Bd1 Qc4 37. Qb4 Qxb4 38. axb4 Kf8 39. g4 Be6 40. Ke2 Ke7
41. Kd3 Kd6 42. Kd4 Bd7 43. Bb3 Be6 44. f4 g6 45. Ba2 Kc6 46. Ke5 Kb5 47. f5 gxf5
48. gxf5 Bc8 49. Bxd5 Kxb4 50. Bxf7 a5 51. Be6 Bxe6 52. fxe6 Kb3 53. e7 1-0

[Event "XIII MIEDZYNARODOWY FESTIWAL SZACHOWY PERLA BALTYKU - GRUPA A"]
[Site "LAZY - OW BRYZA"]
[Date "1899-12-30"]
[Round "8.11"]
[White "Luczak, Filip"]
[Black "Lada, Ireneusz"]
[Result "0-1"]
[WhiteTitle "I"]
[BlackTitle "k"]
[WhiteElo "1865"]
[BlackElo "1916"]

1. e4 c5 2. Nf3 Nc6 3. d4 cxd4 4. Nxd4 g6 5. c4 Bg7 6. Be3 d6 7. Nc3 Nf6 8. Be2
Bd7 9. O-O O-O 10. Rc1 Nxd4 11. Bxd4 Bc6 12. f3 Nd7 13. Bxg7 Kxg7 14. Qd4+ f6
15. b4 b6 16. Nd5 Rf7 17. f4 e5 18. Qd2 exf4 19. Rxf4 Ne5 20. Rcf1 Bxd5 21. Qxd5
Rc8 22. Bg4 Rxc4 23. Be6 Rf8 24. Qd2 Rc7 25. h4 Qe7 26. Bd5 h5 27. Qe3 Ng4 28.
Qg3 Qe5 29. Rxg4 hxg4 30. Qxg4 Rh8 31. Be6 Qh5 32. Qxh5 Rxh5 33. g3 Re5 34. Bd5
f5 35. Rf4 Rce7 36. exf5 Rxf5 37. Rxf5 gxf5 38. Kf2 Re5 39. Bc6 Kf6 40. Kf3 d5
41. h5 d4 42. h6 d3 43. Kf4 d2 0-1

[Event "XIII MIEDZYNARODOWY FESTIWAL SZACHOWY PERLA BALTYKU - GRUPA A"]
[Site "LAZY - OW BRYZA"]
[Date "1899-12-30"]
[Round "8.12"]
[White "Zerafa, Patrick"]
[Black "Przerwa, Waldemar"]
[Result "1/2-1/2"]
[WhiteTitle "CM"]
[BlackTitle "I"]
[WhiteElo "2046"]
[BlackElo "1780"]

1. d4 d5 2. c4 c6 3. Nf3 Nf6 4. e3 a6 5. Nc3 Bf5 6. Qb3 Ra7 7. Be2 e6 8. Bd2 Bd6
9. c5 Bc7 10. Qa3 Nbd7 11. b4 O-O 12. b5 Ba5 13. bxc6 bxc6 14. O-O Bc7 15. Qa4
Qa8 16. Nh4 Bg6 17. Nxg6 hxg6 18. f4 Ne4 19. Nxe4 dxe4 20. Rfb1 Nf6 21. Rb3 Nd5
22. Bc4 a5 23. Rab1 Rc8 24. Be2 Bd8 25. Bd1 f5 26. Qc4 Kh7 27. a4 Bc7 28. g4 Rb8
29. g5 Rxb3 30. Rxb3 Kg8 31. Qe2 Kf7 32. h4 Qh8 33. h5 Qxh5 34. Qxh5 gxh5 35.
Bxh5+ g6 36. Be2 Ke7 37. Kf2 Kf7 38. Rb1 Kg7 39. Ke1 Kg8 40. Rb2 Kf7 41. Kd1 Kg8
42. Kc2 Kf7 43. Kb3 Rb7+ 44. Ka3 Ra7 45. Bc4 Ke8 46. Rb1 Kf7 47. Rb2 Kg7 48. Rb1
1/2-1/2

[Event "XIII MIEDZYNARODOWY FESTIWAL SZACHOWY PERLA BALTYKU - GRUPA A"]
[Site "LAZY - OW BRYZA"]
[Date "1899-12-30"]
[Round "8.13"]
[White "Bartoszewicz, Marcin"]
[Black "Straszewski, Tomasz"]
[Result "1-0"]
[WhiteTitle "I++"]
[BlackTitle "II+"]
[WhiteElo "1915"]
[BlackElo "1672"]

1. e4 e5 2. Nf3 Nc6 3. Bb5 a6 4. Ba4 d6 5. O-O f5 6. d3 Be7 7. Nc3 Nf6 8. exf5
Bxf5 9. d4 exd4 10. Nxd4 Bd7 11. Bb3 Nxd4 12. Qxd4 Bc6 13. Bg5 d5 14. Rfe1 O-O
15. Rad1 Kh8 16. Bxd5 Nxd5 17. Bxe7 Nxe7 18. Qxd8 Raxd8 19. Rxe7 Rxd1+ 20. Nxd1
Re8 21. Rxe8+ Bxe8 22. Ne3 Kg8 23. f4 Kf7 24. Kf2 Ke6 25. Ke2 b5 26. b4 Bg6 27.
Kd2 Kd6 28. g4 Be4 29. h4 g6 30. a3 c5 31. Kc3 h6 32. Kd2 cxb4 33. axb4 Ke6 34.
Kc3 Bf3 35. Kd4 Kd6 36. c3 h5 37. gxh5 Bxh5 38. Ke4 Be2 39. f5 gxf5+ 40. Nxf5+
Kc7 41. Ng3 Bd1 42. Kd5 Kb6 43. h5 Bf3+ 44. Kd4 1-0

[Event "XIII MIEDZYNARODOWY FESTIWAL SZACHOWY PERLA BALTYKU - GRUPA A"]
[Site "LAZY - OW BRYZA"]
[Date "1899-12-30"]
[Round "8.14"]
[White "Lascar, Radoslawa"]
[Black "Szmidt, Przemyslaw"]
[Result "0-1"]
[WhiteTitle "I+"]
[BlackTitle "I++"]
[WhiteElo "1775"]
[BlackElo "1856"]

1. e4 c5 2. c3 Qa5 3. Bc4 Nc6 4. Nf3 d6 5. h3 Nf6 6. Qe2 g6 7. e5 dxe5 8. Nxe5
Nxe5 9. Qxe5 Qb6 10. O-O Bg7 11. b3 Qd6 12. Bb5+ Bd7 13. Bxd7+ Kxd7 14. Qe2 Rhd8
15. Ba3 b6 16. d4 Ke8 17. Re1 e6 18. Nd2 Kf8 19. Nc4 Qc7 20. Qf3 Kg8 21. dxc5
bxc5 22. Rad1 Nd5 23. Bb2 Nb6 24. Nd2 Nd5 25. Ne4 a5 26. Ba3 c4 27. bxc4 Qxc4
28. Nd6 Qf4 29. Qxf4 Nxf4 30. c4 Bc3 31. Re4 Nh5 32. c5 Nf6 33. Rc4 Be5 34. f4
Bxd6 35. cxd6 Nd5 36. Kf2 Ra6 37. Bc5 Rc6 38. Rdc1 f6 39. Ba3 Rcxd6 40. Bxd6 Rxd6
41. a3 Rb6 42. g3 Kf7 43. Rc5 g5 44. fxg5 fxg5 45. Rxa5 Rb2+ 46. Kf3 Rb3+ 47.
Kg4 Kg6 48. Rxd5 h5# 0-1

[Event "XIII MIEDZYNARODOWY FESTIWAL SZACHOWY PERLA BALTYKU - GRUPA A"]
[Site "LAZY - OW BRYZA"]
[Date "1899-12-30"]
[Round "8.15"]
[White "Pietrucha, Jaroslaw"]
[Black "Gorkiewicz, Mateusz"]
[Result "1/2-1/2"]
[WhiteTitle "I"]
[BlackTitle "II+"]
[WhiteElo "1847"]
[BlackElo "1764"]

1. e4 e5 2. Nf3 Nc6 3. d4 exd4 4. Nxd4 Bc5 5. Be3 Qf6 6. c3 Nge7 7. Be2 O-O 8.
O-O d5 9. Nxc6 Qxc6 10. Bxc5 Qxc5 11. exd5 Nxd5 12. Bf3 Be6 13. Nd2 Rad8 14. Nb3
Qe7 15. Qc1 c6 16. Re1 Qf6 17. Nd4 Bc8 18. Bxd5 Rxd5 19. Qe3 h6 20. Re2 Qg6 21.
Rae1 c5 22. Nb3 b6 23. Qe7 Rfd8 24. Qxa7 R5d7 25. Qb8 Rd6 26. Qc7 Bh3 27. f3 R8d7
28. Qc8+ Kh7 29. g3 Rd1 30. Qe8 h5 31. Kf2 Rxe1 32. Rxe1 Qc2+ 33. Qe2 Qg6 34.
Qe4 Bf5 35. Qe2 Be6 36. Qe4 Bf5 37. Qe2 Be6 38. Nc1 Qg5 39. Rd1 Re7 40. Qd2 Qg6
41. a3 Rd7 42. Qe2 Bc4 43. Qxc4 Rxd1 44. Ne2 Rd2 45. b4 cxb4 46. axb4 Qf6 47.
Qe4+ g6 48. Qc4 Kg7 49. h4 Qf5 50. Ke1 Rb2 51. Qd4+ Kh7 52. Qf4 Qe6 53. Qe4 Qh3
54. f4 Qd7 55. Kf2 Qc7 56. Kf3 Qd7 57. Kf2 Kg8 58. Qe5 Qh3 59. Ke3 Qf1 60. Qe8+
Kg7 61. Qe5+ Kh7 62. Qb5 Rc2 63. Qc4 Kg8 64. Qc8+ Kg7 65. Qc4 Qe1 66. Kf3 Qh1+
67. Ke3 Qb7 68. Kd3 Rb2 69. Ke3 Qe7+ 70. Kf3 Qb7+ 71. Ke3 Qe7+ 72. Kf3 Qe8 73.
Kf2 Kg8 1/2-1/2

[Event "XIII MIEDZYNARODOWY FESTIWAL SZACHOWY PERLA BALTYKU - GRUPA A"]
[Site "LAZY - OW BRYZA"]
[Date "1899-12-30"]
[Round "8.16"]
[White "Kosiba, Marcin"]
[Black "Zabron, Maksym"]
[Result "1-0"]
[WhiteTitle "II"]
[BlackTitle "I"]
[WhiteElo "1832"]
[BlackElo "1625"]

1. e4 c6 2. Nc3 d5 3. Nf3 Bg4 4. exd5 cxd5 5. h3 Bxf3 6. Qxf3 e6 7. d4 Nc6 8. Ne2
Nb4 9. Kd1 Bd6 10. c3 Nc6 11. Qg4 Qf6 12. f4 h5 13. Qg5 b5 14. a3 Na5 15. Ng1
Rb8 16. Kc2 Qxg5 17. fxg5 Ne7 18. Bd3 f6 19. Nf3 e5 20. Be2 e4 21. Ne1 f5 22.
Rf1 g6 23. h4 Kd7 24. Bf4 Bxf4 25. Rxf4 a6 26. a4 Nac6 27. g3 Rb7 28. Ng2 Rhb8
29. axb5 axb5 30. b4 Nd8 31. Rff1 Ne6 32. Ra6 Rb6 33. Ra5 Nc8 34. Rfa1 Nd6 35.
Ra7+ R6b7 36. Ne3 Kc6 37. R1a6+ Rb6 38. Rxb6+ Rxb6 39. Re7 Nf8 40. Rg7 Nc4 41.
Bxc4 dxc4 42. Ng2 Rb7 43. Rg8 Ra7 44. Kb2 Rf7 45. Nf4 Kd7 46. Kc2 Ke7 47. Kd2
Nd7 48. Nxg6+ Kd6 49. Nf4 Re7 50. Rg6+ Kc7 51. Nd5+ 1-0

[Event "XIII MIEDZYNARODOWY FESTIWAL SZACHOWY PERLA BALTYKU - GRUPA A"]
[Site "LAZY - OW BRYZA"]
[Date "1899-12-30"]
[Round "8.18"]
[White "Kostecka, Marika"]
[Black "Pietras, Maksymilian"]
[Result "1-0"]
[WhiteTitle "I++"]
[BlackTitle "II+"]
[WhiteElo "1809"]
[BlackElo "1615"]

1. e4 c5 2. Nf3 Nc6 3. d4 cxd4 4. Nxd4 Nf6 5. Nc3 e5 6. Ndb5 d6 7. a4 a6 8. Na3
Be7 9. Bg5 Be6 10. Bxf6 Bxf6 11. Bc4 O-O 12. Nd5 Bxd5 13. Bxd5 Qc7 14. c3 Ne7
15. O-O Nxd5 16. Qxd5 Rac8 17. Nc2 a5 18. Na3 Rfd8 19. Rfd1 Be7 20. Rd3 Qc6 21.
Nb5 Qxd5 22. Rxd5 Kf8 23. b3 Rc5 24. Rad1 Rdc8 25. Kf1 f6 26. Ke2 Rxd5 27. Rxd5
Rc5 28. Rxc5 dxc5 29. Kd3 Kf7 30. Kc4 Ke6 31. Nc7+ Kd7 32. Nd5 Bd6 33. Kb5 h6
34. Kxa5 Kc6 35. b4 b6+ 36. Ka6 cxb4 37. cxb4 1-0

[Event "XIII MIEDZYNARODOWY FESTIWAL SZACHOWY PERLA BALTYKU - GRUPA A"]
[Site "LAZY - OW BRYZA"]
[Date "1899-12-30"]
[Round "8.19"]
[White "Grzesik, Gracjan"]
[Black "Wolaniecki, Patryk"]
[Result "1/2-1/2"]
[WhiteTitle "I"]
[BlackTitle "I"]
[WhiteElo "1712"]
[BlackElo "1597"]

1. c4 Nf6 2. Nc3 e6 3. g3 d5 4. cxd5 Nxd5 5. Bg2 c6 6. d4 Bb4 7. Qd3 O-O 8. e4
Ne7 9. a3 Ba5 10. b4 Bb6 11. Nge2 e5 12. Be3 exd4 13. Bxd4 c5 14. bxc5 Bxc5 15.
O-O Nbc6 16. Nd5 Nxd4 17. Nxd4 Be6 18. Nb3 Bd6 19. Rfd1 f6 20. Nd4 Bf7 21. f4
Bc5 22. Rac1 Rc8 23. Kh1 Nxd5 24. exd5 Bxd5 25. Nf3 Bxf3 26. Qc4+ Kh8 27. Rxd8
Bxg2+ 28. Kxg2 Rfxd8 29. a4 a5 30. Qe6 b6 31. Rd1 Re8 32. Qf7 Rf8 33. Qb7 Rb8
34. Qa7 Ra8 35. Qd7 Rae8 1/2-1/2

[Event "XIII MIEDZYNARODOWY FESTIWAL SZACHOWY PERLA BALTYKU - GRUPA A"]
[Site "LAZY - OW BRYZA"]
[Date "1899-12-30"]
[Round "8.20"]
[White "Losinska, Aleksandra"]
[Black "Wysocki, Mieczyslaw"]
[Result "1-0"]
[WhiteTitle "I"]
[BlackTitle "I"]
[WhiteElo "1551"]
[BlackElo "1702"]

1. e4 e5 2. Nf3 d6 3. d4 exd4 4. Nxd4 Nf6 5. Nc3 Be7 6. Be2 Nc6 7. O-O O-O 8. Be3
Bd7 9. f4 Qc8 10. h3 Bxh3 11. gxh3 Qxh3 12. Bf2 Nxd4 13. Qxd4 Ng4 14. Bxg4 Qxg4+
15. Kh2 Qh5+ 16. Kg2 Qg4+ 17. Bg3 h5 18. Nd5 Bd8 19. Ne3 Qg6 20. Kf2 h4 21. Bh2
Bf6 22. Qd3 h3 23. Rg1 Bh4+ 24. Kf3 Qh5+ 25. Rg4 Rae8 26. Qd5 Qh7 27. Rag1 Bf6
28. c3 Re6 29. Nf5 g6 30. Nd4 Re7 31. Rxg6+ Kh8 32. Rxf6 Rfe8 33. Nf5 Rxe4 34.
Qxe4 Rxe4 35. Rh6 1-0

[Event "XIII MIEDZYNARODOWY FESTIWAL SZACHOWY PERLA BALTYKU - GRUPA A"]
[Site "LAZY - OW BRYZA"]
[Date "1899-12-30"]
[Round "8.21"]
[White "Karpinski, Andrzej"]
[Black "Bucko, Wieslaw"]
[Result "1-0"]
[WhiteTitle "I"]
[BlackTitle "II"]
[WhiteElo "1658"]
[BlackElo "1549"]

1. e4 c6 2. d4 d5 3. exd5 cxd5 4. Bd3 Nf6 5. Bf4 g6 6. Nd2 Bg7 7. c3 O-O 8. Ngf3
Nbd7 9. h3 a6 10. O-O Re8 11. Re1 Nf8 12. Be5 Bd7 13. a4 Rc8 14. Qb3 Bc6 15. Qc2
N6d7 16. Bxg7 Kxg7 17. Ne5 f6 18. Nxc6 Rxc6 19. Qb3 Rb6 20. Qxd5 e6 21. Qf3 Rxb2
22. Nc4 Rb6 23. Nxb6 Nxb6 24. Qxb7+ Nfd7 25. a5 Nd5 26. c4 Nf4 27. Bf1 Re7 28.
Qxa6 e5 29. g3 Nh5 30. Qd6 f5 31. dxe5 Qe8 32. e6 Ndf6 33. Bg2 Ne4 34. Bxe4 fxe4
35. Rxe4 Qf8 36. a6 Kh6 37. a7 Qf5 38. a8=Q 1-0

[Event "XIII MIEDZYNARODOWY FESTIWAL SZACHOWY PERLA BALTYKU - GRUPA A"]
[Site "LAZY - OW BRYZA"]
[Date "1899-12-30"]
[Round "8.22"]
[White "Szeliga, Sebastian"]
[Black "Kukula, Karol"]
[Result "1/2-1/2"]
[WhiteTitle "II"]
[BlackTitle "I"]
[WhiteElo "1310"]
[BlackElo "1656"]

1. e4 c5 2. Nf3 e6 3. c3 Nf6 4. Qc2 Nc6 5. Bb5 Qc7 6. O-O Be7 7. Re1 O-O 8. Bxc6
Qxc6 9. d4 d5 10. Nbd2 b6 11. exd5 Nxd5 12. Ne4 Bb7 13. dxc5 bxc5 14. Bd2 Nf6
15. Nxf6+ Bxf6 16. Re2 Rfd8 17. Ne1 Ba6 18. c4 Rd7 19. Rb1 Rad8 20. b3 Rd6 21.
Bc3 Bxc3 22. Qxc3 Bb7 23. f3 h6 24. Rbb2 Qd7 25. Kf2 Qc7 26. Kg1 Qd7 27. Kf2 Rd1
28. Rbc2 Qc7 29. Kg1 Qf4 30. Qe3 Qxe3+ 31. Rxe3 R8d2 32. Rxd2 Rxd2 33. a4 Rb2
34. Rc3 Rb1 35. Kf2 Rb2+ 36. Kg3 Rd2 37. Nd3 Kf8 38. Nxc5 Bc6 39. Rd3 Rb2 40.
Rd6 Be8 41. Ra6 Ke7 42. Rxa7+ Kd6 43. Ne4+ Ke5 44. Ra5+ Kd4 45. Nd6 Bc6 46. Ra6
Kc5 47. Nxf7 Rxb3 48. Nd8 Bd7 49. Nxe6+ Bxe6 50. Rxe6 Rb7 51. a5 Kxc4 52. Rb6
Ra7 53. a6 Kd5 54. Kf4 Rf7+ 55. Kg4 Ke5 56. g3 Ra7 57. f4+ Kd5 58. Kf5 Kc5 59.
Re6 Kd5 60. Re5+ Kd6 61. Ra5 Ke7 62. Kg6 Kf8 63. g4 Kg8 64. h4 Kh8 65. g5 hxg5
66. hxg5 Kg8 67. Kf5 Kf7 68. Ke5 Ke7 69. f5 Kd7 70. Kd5 Kc7 71. Kc5 Kb8 72. Kb6
Re7 73. a7+ Ka8 74. Rc5 Re8 75. Rc7 g6 76. fxg6 Re6+ 77. Rc6 Rxg6 1/2-1/2

[Event "XIII MIEDZYNARODOWY FESTIWAL SZACHOWY PERLA BALTYKU - GRUPA A"]
[Site "LAZY - OW BRYZA"]
[Date "1899-12-30"]
[Round "8.23"]
[White "Plocica, Krzysztof"]
[Black "Wojcik, Jagoda"]
[Result "1-0"]
[WhiteTitle "II"]
[BlackTitle "I+"]
[WhiteElo "1439"]
[BlackElo "1730"]

1. e4 c5 2. Nf3 Nc6 3. Bb5 g6 4. O-O Bg7 5. c3 e5 6. d3 d5 7. exd5 Qxd5 8. Bc4
Qd6 9. Ng5 Be6 10. Nxe6 fxe6 11. Nd2 Nf6 12. Ne4 Nxe4 13. dxe4 O-O-O 14. Be3 Na5
15. Be2 Qc6 16. Qc2 b6 17. Rac1 Nb7 18. f3 Rd6 19. Qb3 h5 20. Bb5 Qc7 21. Rfd1
Kb8 22. Rd3 Na5 23. Qa3 Rhd8 24. Rcd1 Bf8 25. Rxd6 Rxd6 26. Rxd6 Bxd6 27. Qa4
c4 28. Kf1 Bc5 29. Bg5 Qd6 30. Qc2 Kb7 31. Qd2 Qd3+ 32. Qxd3 cxd3 33. b4 1-0

[Event "XIII MIEDZYNARODOWY FESTIWAL SZACHOWY PERLA BALTYKU - GRUPA A"]
[Site "LAZY - OW BRYZA"]
[Date "1899-12-30"]
[Round "8.24"]
[White "Pisarek, Elzbieta"]
[Black "Zamarska, Sylwia"]
[Result "0-1"]
[WhiteTitle "I"]
[BlackTitle "I++"]
[WhiteElo "1397"]
[BlackElo "1622"]

1. e4 c6 2. d4 d5 3. Nc3 dxe4 4. Nxe4 Bf5 5. Ng3 Bg6 6. h4 h6 7. Nh3 e6 8. Nf4
Bh7 9. c3 Nf6 10. Bd3 Bxd3 11. Qxd3 Bd6 12. O-O Nd5 13. Nxd5 cxd5 14. h5 Nd7 15.
Qf3 O-O 16. Bf4 Nf6 17. Rfe1 Bxf4 18. Qxf4 Qd7 19. Rad1 Rfc8 20. Qe3 Rc6 21. Re2
Rac8 22. a3 b5 23. Qd3 Rc4 24. f4 a5 25. Rde1 b4 26. axb4 axb4 27. cxb4 Rxb4 28.
f5 Rc6 29. fxe6 fxe6 30. Rd2 Rcb6 31. Qe2 Qa4 32. Red1 Qa2 33. Qe1 Rxb2 34. Rxb2
Qxb2 35. Qe3 Qb3 36. Qxb3 Rxb3 37. Kh2 Ng4+ 0-1